Java for Dummies_7th Edition (Record no. 38077)

MARC details
000 -LEADER
fixed length control field 00972nam a22001697a 4500
020 ## - INTERNATIONAL STANDARD BOOK NUMBER
ISBN 978-8126568147
082 ## - DEWEY DECIMAL CLASSIFICATION NUMBER
Classification number 005.133(J) BUR
100 ## - MAIN ENTRY--AUTHOR NAME
Personal name Barry Burd
245 ## - TITLE STATEMENT
Title Java for Dummies_7th Edition
250 ## - EDITION STATEMENT
Edition statement 7
260 ## - PUBLICATION, DISTRIBUTION, ETC. (IMPRINT)
Name of publisher Wiley
Place of publication New Delhi
Year of publication 2023
300 ## - PHYSICAL DESCRIPTION
Other physical details Item Weight ‏ : ‎ 780 g Dimensions ‏ : ‎ 20.3 x 25.4 x 4.7 cm
520 ## - SUMMARY, ETC.
Summary, etc Java For Dummies remains the straightforward reference on Java, covering object-oriented programming basics with Java, code reuse and the essentials of creating a Java program. The book helps readers create basic Java objects as well as figure out when they can reuse existing code. This edition is updated to cover the changes with the newest version of Java including enhanced multimedia capabilities, updates for Android and cloud coverage and new programming features such as closures, new libraries, new tools, parallel frameworks and more.
650 ## - SUBJECT ADDED ENTRY--TOPICAL TERM
Topical Term CSE
942 ## - ADDED ENTRY ELEMENTS (KOHA)
Koha item type Text Book
952 ## - LOCATION AND ITEM INFORMATION (KOHA)
Damaged status
Not for loan
Holdings
Withdrawn status Collection code Permanent Location Current Location Shelving location Date acquired Source of acquisition Cost, normal purchase price Inventory number Full call number Accession Number Price effective from Koha item type
  Computer Science and Engineering VAST Central Library VAST Central Library S-17/CS 26/11/2025 Minerva Books 699.00 89 005.133(J) BUR 38193 02/12/2025 Text Book